Fastest growing U.S. cities by decade quiz - Statistics

General Stats
  • This quiz has been taken 3,668 times
    3,252 since last reset
  • The average score is 42 of 61
Answer Stats
# Decades City % Correct
20 New York City
100%
10 Los Angeles
98%
5 Dallas
97%
10 Boston
96%
10 Chicago
96%
9 Houston
96%
5 San Francisco
96%
1 Miami
95%
15 Philadelphia
95%
2 Seattle
93%
6 Detroit
92%
1 Atlanta
91%
7 Phoenix
91%
5 Washington, DC
91%
5 San Diego
90%
5 Austin
88%
1 Denver
88%
1 Portland
88%
4 New Orleans
87%
6 Cleveland
86%
2 Las Vegas
85%
11 Baltimore
84%
1 Minneapolis
84%
5 Pittsburgh
84%
6 San Antonio
84%
7 St. Louis
84%
6 Cincinnati
82%
3 Jacksonville
81%
1 Nashville
81%
3 Charlotte
80%
1 Tampa
80%
1 Columbus, OH
79%
1 Indianapolis
79%
2 Memphis
78%
4 Buffalo
77%
3 Milwaukee
75%
2 Richmond
72%
1 Raleigh
71%
3 San Jose
71%
2 Louisville
65%
2 Charleston
64%
2 El Paso
64%
3 Albany
62%
2 Fort Worth
58%
1 Tucson
56%
2 Virginia Beach
49%
1 Omaha
48%
1 Fresno
39%
1 Jersey City
37%
7 Brooklyn
36%
1 Norfolk
34%
1 Anchorage
33%
1 Akron
31%
1 Mesa, AZ
29%
1 Augusta, GA
27%
1 Alexandria
17%
2 Northern Liberties, PA
12%
1 Lowell, MA
10%
2 Southwark, PA
7%
1 Georgetown, DC
4%
3 Spring Garden, PA
4%
No matching quizzes found
Score Distribution
Percent of People with Each Score
Percentile by Number Answered
Your Score History
You have not taken this quiz since the last reset